Pokémon - Attacken von Frosdedje in KA/PU - Statistiken

Allgemein
  • Dieses Quiz wurde 4 mal gespielt
  • Das Durchschnittsergebnis liegt bei 22 aus 69
Antwortstatistiken
Antwort % Korrekt
Blizzard
75%
Eisstrahl
75%
Eissturm
75%
Nachtnebel
75%
Psychokinese
75%
Spukball
75%
Aquawelle
50%
Bürde
50%
Eissplitter
50%
Groll
50%
Irrlicht
50%
Kopfnuss
50%
Lawine
50%
Pulverschnee
50%
Silberblick
50%
Auroraschleier
25%
Ausdauer
25%
Begrenzer
25%
Biss
25%
Bodycheck
25%
Bodyslam
25%
Charme
25%
Delegator
25%
Diebeskuss
25%
Donner
25%
Donnerblitz
25%
Donnerwelle
25%
Doppelteam
25%
Dreifach-Axel
25%
Dunkelnebel
25%
Eisesodem
25%
Eishieb
25%
Eiskreisel
25%
Eisspeer
25%
Eiszahn
25%
Eiszapfhagel
25%
Erholung
25%
Erstauner
25%
Fassade
25%
Fluch
25%
Gigastoß
25%
Grimasse
25%
Hyperstrahl
25%
Kalte Dusche
25%
Knirscher
25%
Konfusstrahl
25%
Leidteiler
25%
Lichtschild
25%
Meteorologe
25%
Poltergeist
25%
Psycho-Plus
25%
Rechte Hand
25%
Reflektor
25%
Regentanz
25%
Schlafrede
25%
Schleuder
25%
Schneelandschaft
25%
Schutzschild
25%
Stachler
25%
Tera-Ausbruch
25%
Trickbetrug
25%
Trugträne
25%
Verhöhner
25%
Walzer
25%
Wechseldich
25%
Wegbereiter
25%
Abgangsbund
0%
Aussetzer
0%
Rückentzug
0%
Keine übereinstimmenden Quizze gefunden
Verteilung der Resultate
Anzahl Personen mit jedem Resultat
Perzentil nach korrekt beantworteten Fragen
Ihre Resultats-Entwicklung
Sie haben dieses Quiz noch nicht gespielt